000 00364nam a2200157Ia 4500
005 20250425161559.0
008 250425s9999 xx 000 0 und d
041 _aspa
082 _a639.4
245 0 _aSEMINARIO TEORICO PRACTICO SOBRE LAS BASES AC
250 _aS.E.
260 _aS.L.
260 _aSin Pais
_bESPOL
_c1985
942 _c01
010 _a23423
999 _c211975
_d211975